Triple-double en saison régulière en NBA - Statistiques

Statistiques générales
  • Ce quiz a été pris 453 fois
    102 depuis la dernière actualisation
  • Le résultat moyen est 9 sur 20
Statistiques - réponses
Rang Nom Triple-doubles % Correct
5 LeBron James 122
96%
1 Russell Westbrook 204
93%
3 Nikola Jokić 164
92%
20 Michael Jordan 28
83%
8 James Harden 76
72%
4 Magic Johnson 138
69%
2 Oscar Robertson 181
67%
7 Luka Dončić 77
64%
11 Larry Bird 59
45%
6 Jason Kidd 107
43%
9 Wilt Chamberlain 78
41%
12 Giánnis Antetokoúnmpo 56
39%
16 Draymond Green 32
30%
10 Domantas Sabonis 68
29%
- Ben Simmons -
11%
14 Bob Cousy 33
8%
- Rajon Rondo -
8%
13 Fat Lever 43
5%
18 John Havlicek 31
5%
19 Grant Hill 29
4%
Aucun quiz correspondant
Distribution des résultats
% des personnes avec chaque résultat
Percentile par nombre de réponses
Votre historique - résultats
Vous n’avez pas pris ce quiz depuis la dernière actualisation